Empezando con la gramática
Збережено в:
| Автори: | , |
|---|---|
| Формат: | Книга |
| Мова: | Іспанська |
| Опубліковано: |
Santiago
Andrés Bello
1996
|
| Редагування: | 7a. ed |
| Предмети: | |
| Теги: |
Додати тег
Немає тегів, Будьте першим, хто поставить тег для цього запису!
|
MARC
| LEADER | 00000nam a2200000 a 4500 | ||
|---|---|---|---|
| 001 | UCH8405 | ||
| 003 | CL-VaPUC | ||
| 008 | 091127e19960000CL |||||||||||||||||spa|d | ||
| 020 | |a 956130808X | ||
| 082 | 0 | 4 | |a 465.0202 |b MAL |2 21 |
| 100 | |a Maldonado Rovira, Clementina |e autora |9 530672 | ||
| 700 | 0 | |a Beuchat Reichardt, Cecilia |e author |9 545002 | |
| 245 | 1 | 0 | |a Empezando con la gramática |
| 250 | |a 7a. ed | ||
| 300 | |a 136 p | ||
| 942 | |c BK | ||
| 945 | |d 20091127 00:00:00 |a lazolas | ||
| 260 | |a Santiago |b Andrés Bello |c 1996 | ||
| 650 | 0 | |a Gramática |9 270497 | |
| 650 | 0 | |a Educación lingüística |9 306506 | |
| 650 | 0 | |a Idioma español |9 309143 | |
| 650 | 0 | |a Libros de texto |9 270019 | |
| 583 | |a last modification |c 20170828 10:02:02 |k Rodrigo Vera | ||
| 999 | |c 338619 |d 338617 | ||